[Event "Llinars del Valles op 11th B"]
[Site "Llinars del Valles"]
[Date "2017.05.06"]
[Round "3.25"]
[White "Arcusa Postils, Eduard"]
[Black "Herrera Grande, Placid"]
[Result "1-0"]
[WhiteElo "1532"]
[BlackElo "1274"]
[PlyCount "105"]
[EventDate "2017.04.22"]
[EventType "swiss"]
[EventRounds "9"]
[EventCountry "ESP"]
[SourceTitle "EXT 2024"]
[Source "ChessBase"]
[SourceDate "2023.10.10"]
[SourceVersion "1"]
[SourceVersionDate "2023.10.10"]
[SourceQuality "1"]

1. e4 c5 2. Nc3 Nc6 3. f4 d6 4. Bc4 Nf6 5. Bb3 e5 6. d3 Be7 7. Nf3 0-0 8. f5 Na5 9. Bd5 Bd7 10. a3 Bc6 11. Ba2 b5 12. b4 Nb7 13. 0-0 a5 14. bxc5 Nxc5 15. Rb1 Rb8 16. Qe1 Qb6 17. Kh1 Qd8 18. Ne2 d5 19. Nxe5 Ba8 20. exd5 Qd6 21. d4 Nce4 22. Qxa5 Nxd5 23. Bxd5 Qxd5 24. Rf3 f6 25. Nd3 Ng5 26. Bxg5 fxg5 27. Ne1 Rxf5 28. Qc3 Bc6 29. Rxf5 Qxf5 30. Qxc6 Qf1+ 31. Ng1 Rf8 32. Qxb5 Qf4 33. Qd3 Bd6 34. g3 Qf7 35. Qb3 Qxb3 36. Rxb3 g4 37. Kg2 Re8 38. Rd3 Rxe1 39. c4 Ra1 40. c5 Ra2+ 41. Kf1 Bb8 42. Ne2 h5 43. c6 Bc7 44. d5 Ra1+ 45. Kg2 Bd6 46. Rc3 Ra2 47. Kf1 Rd2 48. c7 h4 49. c8Q+ Bf8 50. Qe6+ Kh8 51. Qxg4 Be7 52. Rc8+ Kh7 53. Qh5# 1-0

[Event "Llinars del Valles op-B 9th"]
[Site "Llinars del Valles"]
[Date "2015.06.13"]
[Round "9"]
[White "Arcusa Postils, Eduard"]
[Black "Giro Castellet, Esteve"]
[Result "0-1"]
[WhiteElo "1867"]
[BlackElo "1816"]
[PlyCount "120"]
[EventDate "2015.04.11"]
[EventType "swiss"]
[EventRounds "9"]
[EventCountry "ESP"]
[SourceTitle "EXT 2018"]
[Source "ChessBase"]
[SourceDate "2017.10.13"]
[SourceVersion "1"]
[SourceVersionDate "2017.10.13"]
[SourceQuality "1"]

1. e4 c5 2. Nc3 Nc6 3. f4 e6 4. Nf3 d6 5. Bc4 Be7 6. d3 a6 7. a3 Nf6 8. 0-0 b5 9. Ba2 Qb6 10. Kh1 0-0 11. Ne2 Bb7 12. Qe1 g6 13. Ng3 Nd7 14. f5 exf5 15. exf5 Rae8 16. Qd2 Nce5 17. Nxe5 dxe5 18. fxg6 hxg6 19. Qf2 c4 20. Qxb6 Nxb6 21. Bh6 cxd3 22. cxd3 Nd5 23. Rac1 Nf4 24. Bxf4 exf4 25. Rxf4 Bg5 26. Bxf7+ Rxf7 27. Rxf7 Bxc1 28. Rf1 Bxb2 29. h4 Bxa3 30. h5 gxh5 31. Nxh5 Re2 32. Nf6+ Kh8 33. Rf4 Bxg2+ 34. Kg1 Ba8 35. Rh4+ Kg7 36. Nh5+ Kf7 37. Kf1 Rd2 38. Nf4 Bd6 39. Rh7+ Kg8 40. Ra7 Bxf4 41. Rxa8+ Kf7 42. Rxa6 Rxd3 43. Rb6 Rd5 44. Ke2 Ke7 45. Kf3 Bd2 46. Ke4 Rg5 47. Kd3 Be1 48. Ke2 Bc3 49. Kd3 b4 50. Kc4 Kd7 51. Ra6 Kc7 52. Re6 Rg4+ 53. Kb3 Rd4 54. Kc2 Rd2+ 55. Kb3 Rb2+ 56. Kc4 Bd2 57. Kd3 b3 58. Re2 Ra2 59. Rxd2 b2 60. Rd1 Ra1 0-1

[Event "Moia op 2nd"]
[Site "Moia"]
[Date "2013.11.08"]
[Round "7"]
[White "Arcusa Postils, Eduard"]
[Black "Urena Casacuberta, Lluis"]
[Result "0-1"]
[WhiteElo "1620"]
[BlackElo "1918"]
[PlyCount "64"]
[EventDate "2013.09.20"]
[EventType "swiss"]
[EventRounds "8"]
[EventCountry "ESP"]
[SourceTitle "EXT 2015"]
[Source "ChessBase"]
[SourceDate "2014.11.20"]
[SourceVersion "1"]
[SourceVersionDate "2014.11.20"]
[SourceQuality "1"]

1. e4 e5 2. Nf3 Nc6 3. d4 exd4 4. Nxd4 Nf6 5. Nxc6 bxc6 6. e5 Qe7 7. Qe2 Nd5 8. c4 Ba6 9. Nd2 Nb4 10. Nf3 c5 11. a3 Nc6 12. Bf4 Rb8 13. g3 d5 14. exd6 Qxe2+ 15. Bxe2 Bxd6 16. Bxd6 cxd6 17. Rb1 Rb3 18. Nd2 Rb6 19. 0-0 Nd4 20. Bd3 0-0 21. b4 Re8 22. bxc5 dxc5 23. Rxb6 axb6 24. Rb1 Re6 25. Kf1 Bb7 26. Re1 Bg2+ 27. Kxg2 Rxe1 28. Nb1 Rd1 29. Be4 f5 30. Bd5+ Kf8 31. Nc3 Ra1 32. a4 Ra3 0-1

[Event "Llinars del Valles op-B 7th"]
[Site "Llinars del Valles"]
[Date "2013.04.13"]
[Round "1"]
[White "Arcusa Postils, Eduard"]
[Black "Ruiz Garcia, Jose Manuel"]
[Result "0-1"]
[WhiteElo "1600"]
[BlackElo "2103"]
[PlyCount "68"]
[EventDate "2013.04.13"]
[EventType "swiss"]
[EventRounds "7"]
[EventCountry "ESP"]
[SourceTitle "CBM 154 Extra"]
[Source "ChessBase"]
[SourceDate "2013.06.25"]
[SourceVersion "2"]
[SourceVersionDate "2013.06.25"]
[SourceQuality "1"]

1. b3 d5 2. Bb2 e6 3. e3 Nf6 4. Nf3 Be7 5. c4 0-0 6. Be2 b6 7. 0-0 Bb7 8. Nc3 Nbd7 9. Rc1 c5 10. cxd5 exd5 11. d4 Rc8 12. Nb1 Bd6 13. Nbd2 Re8 14. Bb5 a6 15. Bxd7 Nxd7 16. Re1 f5 17. Nf1 Qe7 18. N3d2 Qf7 19. f4 c4 20. Ng3 b5 21. a3 Nb6 22. b4 Na4 23. Bc3 a5 24. Qc2 g6 25. Nb1 Qf8 26. bxa5 Bxa3 27. Nxa3 Qxa3 28. Re2 Nxc3 29. Qxc3 Qxc3 30. Rxc3 b4 31. Rc1 Ba6 32. Kf2 c3 33. Ree1 b3 34. Ne2 c2 0-1

[Event "Roncana op-B 6th"]
[Site "Santa Eulalia de Roncana"]
[Date "2012.10.20"]
[Round "2"]
[White "Boixader Puig, Angel"]
[Black "Arcusa Postils, Eduard"]
[Result "0-1"]
[WhiteElo "1281"]
[BlackElo "1617"]
[PlyCount "90"]
[EventDate "2012.10.06"]
[EventType "swiss"]
[EventRounds "8"]
[EventCountry "ESP"]
[SourceTitle "EXT 2024"]
[Source "ChessBase"]
[SourceDate "2023.10.10"]
[SourceVersion "1"]
[SourceVersionDate "2023.10.10"]
[SourceQuality "1"]

1. Nf3 d5 2. g3 Nf6 3. Bg2 Bf5 4. d4 h6 5. c3 c6 6. 0-0 Nbd7 7. Nbd2 e6 8. Nh4 Bh7 9. Re1 Be7 10. e4 dxe4 11. Nxe4 Nxe4 12. Bxe4 Bxe4 13. Rxe4 Nf6 14. Re2 Nd5 15. Nf3 h5 16. h4 Bf6 17. Bg5 Qc7 18. Qd3 0-0-0 19. Qd2 Rhg8 20. Rae1 Ne7 21. Bxf6 gxf6 22. Qh6 Ng6 23. Qxh5 Rh8 24. Qg4 Rdg8 25. Kf1 Ne5 26. Qf4 Nxf3 27. Qxf3 f5 28. Re5 Rg4 29. c4 Qb6 30. Qc3 Qxd4 31. R5e3 Qxc4+ 32. Qxc4 Rxc4 33. b3 Rd4 34. f4 Rg8 35. Kf2 Rd2+ 36. R3e2 Rd3 37. Re3 Rd6 38. Re5 a6 39. a4 Kc7 40. Rc5 b6 41. Rc3 a5 42. Rc4 Rd2+ 43. Re2 Rxe2+ 44. Kxe2 Rxg3 45. Kf2 Rxb3 0-1

[Event "Roncana op-B 6th"]
[Site "Santa Eulalia de Roncana"]
[Date "2012.10.06"]
[Round "1"]
[White "Arcusa Postils, Eduard"]
[Black "Peinado Segovia, Rafael"]
[Result "1/2-1/2"]
[WhiteElo "1617"]
[BlackElo "1332"]
[PlyCount "64"]
[EventDate "2012.10.06"]
[EventType "swiss"]
[EventRounds "8"]
[EventCountry "ESP"]
[SourceTitle "EXT 2024"]
[Source "ChessBase"]
[SourceDate "2023.10.10"]
[SourceVersion "1"]
[SourceVersionDate "2023.10.10"]
[SourceQuality "1"]

1. e4 e6 2. d4 d5 3. e5 c5 4. c3 Qb6 5. a3 Nc6 6. Nf3 Bd7 7. b4 cxd4 8. cxd4 a5 9. b5 Nb8 10. a4 Ne7 11. Bd3 Nf5 12. Bxf5 exf5 13. 0-0 Be7 14. Ba3 Bxa3 15. Rxa3 h6 16. Rc3 Be6 17. Qc2 0-0 18. Rc1 Nd7 19. Nbd2 f6 20. exf6 Nxf6 21. Nb3 Ne4 22. Re3 f4 23. Ree1 Rac8 24. Qb2 Rxc1 25. Rxc1 Rc8 26. Rxc8+ Bxc8 27. Qc1 Bg4 28. Qxf4 Bxf3 29. Qxf3 Qd8 30. Nc5 Qc8 31. Qa3 Nf6 32. h3 b6 1/2-1/2

[Event "Roncana op-B 5th"]
[Site "Santa Eulalia de Roncana"]
[Date "2011.11.12"]
[Round "6"]
[White "Abadia Pastor, Marcal"]
[Black "Arcusa Postils, Eduard"]
[Result "0-1"]
[WhiteElo "1322"]
[BlackElo "1631"]
[PlyCount "60"]
[EventDate "2011.10.01"]
[EventType "swiss"]
[EventRounds "8"]
[EventCountry "ESP"]
[SourceTitle "EXT 2013"]
[Source "ChessBase"]
[SourceDate "2012.11.22"]
[SourceVersion "1"]
[SourceVersionDate "2012.11.22"]
[SourceQuality "1"]

1. e4 b6 2. d4 Bb7 3. Nc3 e6 4. Nf3 Bb4 5. Bd3 Nf6 6. Bg5 h6 7. Bxf6 Qxf6 8. a3 Bxc3+ 9. bxc3 Nc6 10. Qd2 d6 11. 0-0 g5 12. d5 Ne7 13. Bb5+ Kf8 14. Qd4 e5 15. Qc4 Rc8 16. g3 Qxf3 17. Bd7 Kg7 18. Bxc8 Rxc8 19. a4 c6 20. Qd3 Qxd3 21. cxd3 cxd5 22. Rfe1 Rxc3 23. Rac1 Rc6 24. exd5 Nxd5 25. Rc4 Nc3 26. Kf1 Rxc4 27. dxc4 Ba6 28. Rc1 Nxa4 29. Ke1 Kf6 30. Ra1 Nc5 0-1

[Event "Roncana op-B 5th"]
[Site "Santa Eulalia de Roncana"]
[Date "2011.11.05"]
[Round "5"]
[White "Arcusa Postils, Eduard"]
[Black "Las Heras Maestro, Lluis"]
[Result "0-1"]
[WhiteElo "1631"]
[BlackElo "1497"]
[PlyCount "88"]
[EventDate "2011.10.01"]
[EventType "swiss"]
[EventRounds "8"]
[EventCountry "ESP"]
[SourceTitle "EXT 2013"]
[Source "ChessBase"]
[SourceDate "2012.11.22"]
[SourceVersion "1"]
[SourceVersionDate "2012.11.22"]
[SourceQuality "1"]

1. e4 c5 2. c3 d5 3. exd5 Nf6 4. c4 b5 5. d3 b4 6. a4 a5 7. Bf4 e6 8. Qe2 Be7 9. dxe6 Bxe6 10. h3 Nc6 11. Nf3 0-0 12. Nbd2 Nd4 13. Nxd4 Qxd4 14. Be5 Qd7 15. Nf3 Ra6 16. b3 Ne8 17. 0-0-0 Bf6 18. g4 Bxe5 19. Nxe5 Qd4 20. Qb2 Qf4+ 21. Kb1 f6 22. Ng6 hxg6 23. Bg2 g5 24. Rhe1 Qd4 25. Qe2 Nc7 26. Rc1 Rd6 27. Red1 Re8 28. Qf3 Qf4 29. Qb7 Rd4 30. Rc2 Bc8 31. Qa7 Ba6 32. Qxc5 Qe5 33. Qc6 Re6 34. Qf3 Rf4 35. Qg3 Qd4 36. Bf1 Bb7 37. Be2 Na6 38. f3 Nc5 39. Ka2 Re3 40. h4 Bxf3 41. Bxf3 Rexf3 42. Qe1 Re3 43. Re2 Rxe2+ 44. Qxe2 Rf2 0-1